00908nam a22002297a 450000500170000000800410001702000180005804000480007604100080012410000210013224501420015325000110029526000340030630000400034050001030038050000440048350400530052765000240058065000310060470000210063570000220065620220420142219.0220420s2012 nyua|||gr|||| 00| 0 eng d a9780071745574 aCO-BoUCMbspacDeissy GarciadDeissy Garcia0 aeng aHiebing, Roman G14aThe successful marketing planbhow to create dynamic, results-oriented marketing cRoman G. Hiebing, Scott W. Cooper, Steve J. Wehrenberg a4a.Ed. aNueva YorkbMcGraw-Hillc2012 axxxvi, 566 páginasbilustraciones aBibliografía Básica - Escuela de Administración - Pregrado en Marketing y Negocios Digitales aThe trusted road map to better ressults aIncluye referencias bibliográficas e índices 7aMarketingvManuales 7aMarketingxPlanificación1 aCooper, Scott W.1 aWehrenberg, Steve